Ley de 18 de junio de 1885. Reglamento interior de la Comisión Central. Real Decreto de 21 de agosto de 1883. (Record no. 6216)
[ view plain ]
| 000 -LEADER | |
|---|---|
| campo de control de longitud fija | 00583nam a2200169 i 4500 |
| 001 - NÚMERO DE CONTROL | |
| campo de control | 6216 |
| 003 - IDENTIFICADOR DE NÚMERO DE CONTROL | |
| campo de control | ES-MaACL |
| 005 - FECHA Y HORA DE LA ÚLTIMA TRANSACCIÓN | |
| campo de control | 20230906144833.0 |
| 007 - CAMPO FIJO DE DESCRIPCIÓN FÍSICA--INFORMACIÓN GENERAL | |
| campo de control de longitud fija | t| |
| 008 - DATOS DE LONGITUD FIJA--INFORMACIÓN GENERAL | |
| campo de control de longitud fija | 200905s1889 sp b |||| | spa d |
| 110 2# - ENTRADA PRINCIPAL--NOMBRE DE ENTIDAD CORPORATIVA | |
| Nombre de entidad corporativa o nombre de jurisdicción como elemento de entrada | Comisión Central de Defensa contra la Filoxera. |
| 9 (RLIN) | 170318 |
| 245 10 - MENCIÓN DEL TÍTULO | |
| Título | Ley de 18 de junio de 1885. Reglamento interior de la Comisión Central. Real Decreto de 21 de agosto de 1883. |
| 260 ## - PUBLICACIÓN, DISTRIBUCIÓN, ETC. | |
| Lugar de publicación, distribución, etc. | Madrid : |
| Nombre del editor, distribuidor, etc. | [s.n.], |
| Fecha de publicación, distribución, etc. | 1889. |
| 650 #4 - PUNTO DE ACCESO ADICIONAL DE MATERIA--TÉRMINO DE MATERIA | |
| Término de materia o nombre geográfico como elemento de entrada | Viticultura- |
| Subdivisión general | Derecho y legislación- |
| Subdivisión geográfica | España. |
| 9 (RLIN) | 170319 |
| 650 #4 - PUNTO DE ACCESO ADICIONAL DE MATERIA--TÉRMINO DE MATERIA | |
| Término de materia o nombre geográfico como elemento de entrada | Filoxera- |
| Subdivisión geográfica | España. |
| 9 (RLIN) | 170320 |
| 852 ## - LOCALIZACIÓN | |
| Ubicación | ES-MaACL |
| Número de control de estantería | T-679-F-8 |
| Estatus retirado | Estado de pérdida | Estado de daño | No para préstamo | Colección | Biblioteca de origen | Biblioteca actual | Ubicación en estantería | Fecha de adquisición | Fuente de adquisición | Total de préstamos | Signatura topográfica completa | Código de barras | Visto por última vez | Precio de reemplazo | Tipo de ítem Koha |
|---|---|---|---|---|---|---|---|---|---|---|---|---|---|---|---|
| Colección de folletos | Biblioteca del Ateneo de Madrid | Biblioteca del Ateneo de Madrid | Depósito folletos | 20/05/2005 | T-679-F-8 | 1201980 | 23/02/2023 | 23/02/2023 | Folleto |
